[Event "Torquay Paignton Bloodworth op"]
[Site "Torquay"]
[Date "2018.09.05"]
[Round "4"]
[White "Gunn, Michael J"]
[Black "Chadaway, Stephen M"]
[Result "1-0"]
[WhiteElo "122"]
[BlackElo "134"]
[PlyCount "63"]
[EventDate "2018.09.02"]
[EventType "swiss"]
[EventRounds "7"]
[EventCountry "ENG"]
[SourceTitle "CBM 187 Extra"]
[Source "ChessBase"]
[SourceDate "2018.11.04"]
[SourceVersion "1"]
[SourceVersionDate "2018.11.04"]
[SourceQuality "1"]

1. e4 g6 2. d4 Bg7 3. c3 d6 4. Nf3 Nd7 5. Bd3 c6 6. Be3 Ngf6 7. h3 e5 8. 0-0 0-0 9. Qd2 Qc7 10. Bh6 Re8 11. Bxg7 Kxg7 12. Re1 b6 13. Na3 Bb7 14. Rac1 Re7 15. dxe5 Nxe5 16. Nxe5 Rxe5 17. f4 Re7 18. f5 Rae8 19. fxg6 hxg6 20. Qf4 c5 21. Nb5 Qd7 22. Nxd6 Nh5 23. Nxe8+ Rxe8 24. Qe3 Nf6 25. e5 Nd5 26. Qg3 Ne7 27. e6 fxe6 28. Qe5+ Kh7 29. Rcd1 Qc6 30. Be4 Qc8 31. Bxb7 Qxb7 32. Qxe6 1-0

[Event "GBR-ch Soanes op 104th"]
[Site "Llandudno"]
[Date "2017.07.30"]
[Round "4"]
[White "Chadaway, Stephen M"]
[Black "Bovtramovics, Vladimirs"]
[Result "0-1"]
[WhiteElo "1817"]
[BlackElo "1744"]
[PlyCount "68"]
[EventDate "2017.07.28"]
[EventType "swiss"]
[EventRounds "5"]
[EventCountry "WLS"]
[SourceTitle "EXT 2019"]
[Source "ChessBase"]
[SourceDate "2018.10.10"]
[SourceVersion "1"]
[SourceVersionDate "2018.10.10"]
[SourceQuality "1"]

1. d4 Nf6 2. c4 e6 3. Nf3 b6 4. e3 Bb7 5. Nbd2 Be7 6. Bd3 0-0 7. 0-0 d5 8. a3 Nbd7 9. cxd5 exd5 10. b4 a6 11. Bb2 Bd6 12. Qc2 Re8 13. Rac1 Nf8 14. Qb1 Ng4 15. g3 Nf6 16. b5 a5 17. Ne5 Bxe5 18. dxe5 N6d7 19. f4 Nc5 20. Bd4 Nxd3 21. Qxd3 Ne6 22. Rf2 Rc8 23. Nf3 c5 24. bxc6 Rxc6 25. Rcc2 Rc4 26. Nd2 b5 27. a4 Rxa4 28. Qxb5 Rb4 29. Qd3 Qa8 30. Rb2 Ba6 31. Qc3 Rc8 32. Rxb4 Rxc3 33. Bxc3 axb4 34. Bxb4 d4 0-1

[Event "GBR-ch Soanes op 104th"]
[Site "Llandudno"]
[Date "2017.07.28"]
[Round "1"]
[White "Blencowe, Ian P"]
[Black "Chadaway, Stephen M"]
[Result "1/2-1/2"]
[WhiteElo "1651"]
[BlackElo "1817"]
[PlyCount "77"]
[EventDate "2017.07.28"]
[EventType "swiss"]
[EventRounds "5"]
[EventCountry "WLS"]
[SourceTitle "EXT 2019"]
[Source "ChessBase"]
[SourceDate "2018.10.10"]
[SourceVersion "1"]
[SourceVersionDate "2018.10.10"]
[SourceQuality "1"]

1. d4 b5 2. Nf3 Bb7 3. Bf4 Nf6 4. h3 e6 5. e3 a6 6. Nbd2 Bd6 7. Bxd6 cxd6 8. Be2 0-0 9. 0-0 d5 10. c3 d6 11. a4 bxa4 12. Qxa4 Nbd7 13. Qc2 h6 14. Ra3 Qb6 15. Rfa1 Rfc8 16. Qb3 Rc6 17. Qxb6 Rxb6 18. Rb3 Kf8 19. Rxb6 Nxb6 20. Nh2 Ke7 21. Ng4 Nxg4 22. Bxg4 g6 23. Bf3 Rc8 24. Kf1 Nc4 25. Nxc4 Rxc4 26. Ke1 Rc6 27. Kd2 Rb6 28. Kc2 h5 29. Ra3 Kd7 30. Rb3 Kc7 31. Rxb6 Kxb6 32. Be2 Bc6 33. h4 Bb5 34. Bf3 a5 35. Kb3 Bc6 36. g3 e5 37. Be2 e4 38. Ka3 Bb5 39. Bd1 1/2-1/2